Normal view
MARC view
- Microelectronic packaging.
Entry Topical Term
001 - CONTROL NUMBER
- control field: 28736
003 - CONTROL NUMBER IDENTIFIER
- control field: NUST
005 - DATE AND TIME OF LATEST TRANSACTION
- control field: 20200302115313.0
008 - FIXED-LENGTH DATA ELEMENTS
- fixed length control field: 200302|| aca||aabn | a|a d
040 ## - CATALOGING SOURCE
- Original cataloging agency: NUST
- Transcribing agency: NUST
150 ## - HEADING--TOPICAL TERM
- Topical term or geographic name entry element: Microelectronic packaging.
670 ## - SOURCE DATA FOUND
- Source citation: Work cat.: (NUST)0: Sturdivant, Rick, author. 28735, Microwave and millimeter-wave electronic packaging /
